<?xml version="1.0" encoding="UTF-8"?>
<record
    xmlns:xsi="http://www.w3.org/2001/XMLSchema-instance"
    xsi:schemaLocation="http://www.loc.gov/MARC21/slim http://www.loc.gov/standards/marcxml/schema/MARC21slim.xsd"
    xmlns="http://www.loc.gov/MARC21/slim">

  <leader>01267nam a22002897a 4500</leader>
  <controlfield tag="001">1361</controlfield>
  <controlfield tag="005">20230821133028.0</controlfield>
  <controlfield tag="008">230821b        cb ||||| |||| 00| 0 khr d</controlfield>
  <datafield tag="020" ind1=" " ind2=" ">
    <subfield code="a">9789924340560</subfield>
  </datafield>
  <datafield tag="040" ind1=" " ind2=" ">
    <subfield code="a">FISKH</subfield>
    <subfield code="b">eng</subfield>
    <subfield code="c">FISKH</subfield>
    <subfield code="d">FISKH</subfield>
  </datafield>
  <datafield tag="082" ind1=" " ind2=" ">
    <subfield code="a"> 793.738</subfield>
  </datafield>
  <datafield tag="100" ind1=" " ind2=" ">
    <subfield code="a">Sodany, Ouch</subfield>
  </datafield>
  <datafield tag="245" ind1=" " ind2=" ">
    <subfield code="a">&#x1780;&#x1798;&#x17D2;&#x179A;&#x1784;&#x179B;&#x17D2;&#x1794;&#x17C2;&#x1784;&#x1780;&#x1798;&#x17D2;&#x179F;&#x17B6;&#x1793;&#x17D2;&#x178F; / </subfield>
  </datafield>
  <datafield tag="250" ind1=" " ind2=" ">
    <subfield code="a">&#x1794;&#x17C4;&#x17C7;&#x1796;&#x17BB;&#x1798;&#x17D2;&#x1796;&#x179B;&#x17BE;&#x1780;&#x1791;&#x17B8;&#x17E2; &#x1781;&#x17C2;&#x1780;&#x1789;&#x17D2;&#x1789;&#x17B6; &#x1786;&#x17D2;&#x1793;&#x17B6;&#x17C6; &#x17E2;&#x17E0;&#x17E2;&#x17E1;&#x200B; </subfield>
  </datafield>
  <datafield tag="260" ind1=" " ind2=" ">
    <subfield code="a">Phnom Penh :  </subfield>
    <subfield code="b">Sipar,</subfield>
    <subfield code="c">2021. </subfield>
  </datafield>
  <datafield tag="300" ind1=" " ind2=" ">
    <subfield code="a">27 pages : </subfield>
    <subfield code="b">color illustrations ; </subfield>
    <subfield code="c">25 cm</subfield>
  </datafield>
  <datafield tag="490" ind1=" " ind2=" ">
    <subfield code="a">&#x1781;&#x17D2;&#x1789;&#x17BB;&#x17C6;&#x1785;&#x1784;&#x17CB;&#x17A2;&#x17B6;&#x1793; </subfield>
  </datafield>
  <datafield tag="505" ind1=" " ind2=" ">
    <subfield code="a">J </subfield>
  </datafield>
  <datafield tag="520" ind1=" " ind2=" ">
    <subfield code="a">&#x179B;&#x17D2;&#x1794;&#x17C2;&#x1784;&#x1780;&#x1798;&#x17D2;&#x179F;&#x17B6;&#x1793;&#x17D2;&#x178F;&#x179B;&#x17D2;&#x1794;&#x1784;&#x1794;&#x17D2;&#x179A;&#x17B6;&#x1787;&#x17D2;&#x1789;&#x17B6;&#x1781;&#x17BB;&#x179F;&#x17D7;&#x1782;&#x17D2;&#x1793;&#x17B6;&#x179F;&#x1798;&#x17D2;&#x179A;&#x17B6;&#x1794;&#x17CB;&#x1787;&#x17B6;&#x1787;&#x17C6;&#x1793;&#x17BD;&#x1799;&#x179F;&#x17D2;&#x1798;&#x17B6;&#x179A;&#x178F;&#x17B8; &#x1794;&#x1784;&#x17D2;&#x1780;&#x17BE;&#x1793;&#x1780;&#x17B6;&#x179A;&#x1782;&#x17B7;&#x178F;&#x178A;&#x179B;&#x17CB;&#x1798;&#x17B7;&#x178F;&#x17D2;&#x178F;&#x17A2;&#x17D2;&#x1793;&#x1780;&#x17A2;&#x17B6;&#x1793;&#x17D4; </subfield>
  </datafield>
  <datafield tag="520" ind1=" " ind2=" ">
    <subfield code="a">Different brain teaser games to help increase the thinking of readers.</subfield>
  </datafield>
  <datafield tag="521" ind1=" " ind2=" ">
    <subfield code="a">500 
 </subfield>
    <subfield code="b">Lexile estimate
</subfield>
  </datafield>
  <datafield tag="521" ind1=" " ind2=" ">
    <subfield code="a">J 
</subfield>
    <subfield code="b">Raz-Plus 
</subfield>
  </datafield>
  <datafield tag="650" ind1=" " ind2=" ">
    <subfield code="a">&#x179B;&#x17D2;&#x1794;&#x17C2;&#x1784;&#x1780;&#x1798;&#x17D2;&#x179F;&#x17B6;&#x1793;&#x17D2;&#x178F; </subfield>
    <subfield code="v">&#x1794;&#x17D2;&#x179A;&#x17B6;&#x1787;&#x17D2;&#x1789;&#x17B6; </subfield>
  </datafield>
  <datafield tag="650" ind1=" " ind2=" ">
    <subfield code="a">Brain teaser games</subfield>
    <subfield code="v">EQ</subfield>
  </datafield>
  <datafield tag="700" ind1=" " ind2=" ">
    <subfield code="a">Visoth, Seng&#x200B; </subfield>
    <subfield code="c">illustrator </subfield>
  </datafield>
  <datafield tag="942" ind1=" " ind2=" ">
    <subfield code="2">ddc</subfield>
    <subfield code="c">BK</subfield>
    <subfield code="n">0</subfield>
  </datafield>
  <datafield tag="999" ind1=" " ind2=" ">
    <subfield code="c">1361</subfield>
    <subfield code="d">1361</subfield>
  </datafield>
  <datafield tag="952" ind1=" " ind2=" ">
    <subfield code="0">0</subfield>
    <subfield code="1">0</subfield>
    <subfield code="2">ddc</subfield>
    <subfield code="4">0</subfield>
    <subfield code="7">0</subfield>
    <subfield code="8">KH</subfield>
    <subfield code="a">001</subfield>
    <subfield code="b">001</subfield>
    <subfield code="c">KHRS</subfield>
    <subfield code="d">2023-08-21</subfield>
    <subfield code="l">1</subfield>
    <subfield code="o">SOD  793.738</subfield>
    <subfield code="p">2023-0304</subfield>
    <subfield code="r">2025-06-09 14:21:48</subfield>
    <subfield code="s">2024-12-03</subfield>
    <subfield code="t">1</subfield>
    <subfield code="w">2023-08-21</subfield>
    <subfield code="y">BK</subfield>
  </datafield>
  <datafield tag="952" ind1=" " ind2=" ">
    <subfield code="0">0</subfield>
    <subfield code="1">0</subfield>
    <subfield code="2">ddc</subfield>
    <subfield code="4">0</subfield>
    <subfield code="7">0</subfield>
    <subfield code="8">KH</subfield>
    <subfield code="a">001</subfield>
    <subfield code="b">001</subfield>
    <subfield code="c">KHRS</subfield>
    <subfield code="d">2023-08-21</subfield>
    <subfield code="l">0</subfield>
    <subfield code="o">SOD  793.738</subfield>
    <subfield code="p">2023-0305</subfield>
    <subfield code="r">2023-08-21 13:30:25</subfield>
    <subfield code="t">2</subfield>
    <subfield code="w">2023-08-21</subfield>
    <subfield code="y">BK</subfield>
  </datafield>
</record>
